Logos de Equipos de Fútbol - Estadísticas

Estadísticas generales
  • Esta prueba ha sido intentada 24.356 veces
    24.338 desde el último reinicio
  • La puntuación promedio es 15 de 20
Estadísticas de respuestas
Imagen Respuesta % Correcto
Barcelona
99%
Real Madrid
99%
Paris Saint-Germain
98%
A.S. Roma
95%
Juventus
95%
Liverpool
94%
Bayern Munich
93%
Valencia
92%
S.L. Benfica
79%
Leicester City
74%
Olympiacos
74%
Galatasaray
73%
Santos
73%
Wolverhampton Wanderers
72%
Nottingham Forest
63%
1. FC Köln
55%
Swansea City
55%
Hull City
47%
Hajduk Split
19%
Kaiser Chiefs
16%
No se encontraron pruebas coincidentes
Distribución de puntuación
Porcentaje de gente con cada puntuación
Porcentaje por número respondido
Historial de tus puntuaciones
No has intentado esta prueba desde el último reinicio